| 000 | 01130cam a2200301 a 4500 | ||
|---|---|---|---|
| 999 |
_c117018 _d117018 |
||
| 001 | 3524912 | ||
| 003 | BJBSDDR | ||
| 005 | 20230411090822.0 | ||
| 007 | ta | ||
| 008 | 960524s1996 nyua b 001 0 eng | ||
| 010 | _a 96024676 | ||
| 020 | _a0684803828 | ||
| 040 |
_aDLC _cDLC _dDLC _bspa |
||
| 041 | _aeng | ||
| 050 | 0 | 0 |
_aQP401 _bL474 1996 |
| 082 | 0 | 0 |
_a152.4 _220 |
| 100 | 1 |
_aLeDoux, Joseph E., _924850 _d1949- |
|
| 245 | 0 | 4 |
_aThe emotional brain : _bthe mysterious underpinnings of emotional life / _cJoseph LeDoux. |
| 260 |
_aNew York : _bSimon & Schuster, _cc1996. |
||
| 300 |
_a384 p. : _bill. ; _c24 cm. |
||
| 504 | _aIncludes bibliographical references and index. | ||
| 520 | _aThe Emotional Brain investigates the origins of human emotions and explains that many exist as part of complex neural systems that evolved to enable us to survive | ||
| 650 | 0 |
_aEmotions _xPhysiological aspects. |
|
| 650 | 0 | _aNeuropsychology. | |
| 906 |
_a7 _bcbc _corignew _d1 _eocip _f19 _gy-gencatlg |
||
| 942 |
_2lcc _cBK |
||